Doing your research project: a guide for first-time researchers in education and social science (Record no. 7143)

000 -LEADER
fixed length control field 00716 a2200205 4500
020 ## - INTERNATIONAL STANDARD BOOK NUMBER
International Standard Book Number 0-335-19094-4
040 ## - CATALOGING SOURCE
Original cataloging agency DLC
Language of cataloging DLC
082 ## - DEWEY DECIMAL CLASSIFICATION NUMBER
Classification number 370.78
082 ## - DEWEY DECIMAL CLASSIFICATION NUMBER
Classification number 370.78
100 1# - MAIN ENTRY--PERSONAL NAME
Personal name Bell, Judith
245 00 - TITLE STATEMENT
Title Doing your research project: a guide for first-time researchers in education and social science
Remainder of title a guide for first-time researchers in education and social science
Statement of responsibility, etc. Judith Bell
250 ## - EDITION STATEMENT
Edition statement 3rd ed.
260 ## - PUBLICATION, DISTRIBUTION, ETC.
Place of publication, distribution, etc. Buckingham :
Name of publisher, distributor, etc. Open University Press,
Date of publication, distribution, etc. 1993
300 ## - PHYSICAL DESCRIPTION
Extent xii,176p :
Other physical details ill ;
Dimensions 22cm
600 ## - SUBJECT ADDED ENTRY--PERSONAL NAME
Personal name United States--Foreign relations--Collections
650 #7 - SUBJECT ADDED ENTRY--TOPICAL TERM
Topical term or geographic name entry element Education
General subdivision Research
650 #7 - SUBJECT ADDED ENTRY--TOPICAL TERM
Topical term or geographic name entry element Social sciences
General subdivision Research
-- Methodology
650 #7 - SUBJECT ADDED ENTRY--TOPICAL TERM
Topical term or geographic name entry element Methodology
942 ## - ADDED ENTRY ELEMENTS (KOHA)
Koha item type Book
Call number prefix 300.72 BEL
Source of classification or shelving scheme
Holdings
Withdrawn status Lost status Source of classification or shelving scheme Damaged status Not for loan Permanent Location Current Location Shelving location Date acquired Source of acquisition Cost, normal purchase price Full call number Barcode Date last seen Price effective from Koha item type Total Checkouts Date last checked out
          Central Library (CL) Central Library (CL) General Stacks 12/27/2002 Vanguard Books 215.05 001.42 BEL SEECS002913 11/14/2012 01/05/2017 Book    
          Central Library (CL) Central Library (CL) General Stacks 12/08/2004 Academic Book Company 233.14 001.42 BEL SEECS005097 09/02/2019 01/05/2017 Book 1 06/17/2019
© 2023 Central Library, National University of Sciences and Technology. All Rights Reserved.